000 00322cam a22001217a 4500
008 180718b1990 xxu||||| |||| 00| 0 eng d
082 _aA98x73 Le661
245 _aAn early American reader
_cedited by J.A. Leo Lemay
260 _aNew Delhi
_bAsian
_c1990
300 _a741p.
650 _aFiction
700 _aLemay, J.A. Leo
999 _c493219
_d493219